[Event "Thessaloniki-Chalkidiki-chT"]
[Site "Thessaloniki"]
[Date "2022.03.13"]
[Round "3"]
[White "Chalatziouka, Eleni"]
[Black "Tsormpatzoglou, Eleftheria"]
[Result "1-0"]
[WhiteElo "1209"]
[BlackElo "1325"]
[PlyCount "133"]
[EventDate "2022.02.20"]
[EventType "team-tourn"]
[EventRounds "7"]
[EventCountry "GRE"]
[SourceTitle "EXT 2024"]
[Source "ChessBase"]
[SourceDate "2023.10.10"]
[SourceVersion "1"]
[SourceVersionDate "2023.10.10"]
[SourceQuality "1"]

1. d4 d5 2. c4 e6 3. Nc3 Nf6 4. cxd5 exd5 5. Bg5 Be7 6. e3 c6 7. Bd3 h6 8. Bh4 0-0 9. Nf3 Bg4 10. h3 Bh5 11. Qc2 Qe8 12. 0-0-0 Nfd7 13. Bxe7 Qxe7 14. g4 Bg6 15. Ne2 Bxd3 16. Qxd3 Nf6 17. Ng3 Ne4 18. Nf5 Qf6 19. Qe2 Na6 20. Ng3 Qe6 21. Nxe4 dxe4 22. Nd2 Qxa2 23. Nxe4 Qa1+ 24. Kd2 Qxb2+ 25. Ke1 Qxe2+ 26. Kxe2 Rfd8 27. Ra1 Rd5 28. Rhb1 Rd7 29. Rb2 Rc8 30. Kf3 Rf8 31. g5 hxg5 32. Nxg5 Rb8 33. Ne4 f5 34. Ng5 g6 35. Kf4 c5 36. Ne6 cxd4 37. Rxa6 Re8 38. Nc5 Rc7 39. Nxb7 Rb8 40. Rxa7 d3 41. Rd2 Rd7 42. Ra3 Rdxb7 43. Raxd3 Rb4+ 44. Kg5 R4b6 45. Rd6 Kf7 46. Rd7+ Kf8 47. R2d6 Rb2 48. Kf6 Kg8 49. Kxg6 Kf8 50. Rd2 R8b6+ 51. Kxf5 R2b5+ 52. R2d5 Rxd5+ 53. Rxd5 Rb2 54. f4 Rh2 55. Kg4 Rg2+ 56. Kh4 Re2 57. Re5 Kf7 58. e4 Re3 59. f5 Rf3 60. Re6 Rf4+ 61. Kg5 Rf3 62. h4 Rg3+ 63. Kf4 Rh3 64. Kg4 Rh1 65. h5 Rg1+ 66. Kf4 Rf1+ 67. Ke5 1-0